| 000 | 00576pam a2200217 a 4500 | ||
|---|---|---|---|
| 001 | 4314811 | ||
| 005 | 20180104093117.0 | ||
| 008 | 871109s1988 nyua b 001 0 eng | ||
| 010 | _a 87032953 | ||
| 020 | _a0716718073 | ||
| 040 |
_aDLC _cDLC _dDLC |
||
| 041 | _aeng | ||
| 080 | _a320.473 EDW | ||
| 082 | 0 | 0 |
_a320.473 EDW _219 |
| 100 | 1 | _a6 | |
| 101 | _aANA | ||
| 245 | 1 | 0 |
_aAtlas and dissection guide for comparative anatomy / _cSaul Wischnitzer. |
| 504 | _aBibliography: p. [251]-253. | ||
| 906 |
_a7 _bcbc _corignew _d1 _eocip _f19 _gy-gencatlg |
||
| 942 |
_2ddc _cBK |
||
| 999 |
_c39781 _d39781 |
||